Progenitores de los Costarricenses /
שמור ב:
| מחבר ראשי: | |
|---|---|
| פורמט: | לא ידוע |
| שפה: | Spanish |
| יצא לאור: |
San José, Costa Rica :
Academia Costarricense de Ciencias Genealógicas,
1973.
|
| נושאים: | |
| תגים: |
הוספת תג
אין תגיות, היה/י הראשונ/ה לתייג את הרשומה!
|
MARC
| LEADER | 000000000a22000000004500 | ||
|---|---|---|---|
| 001 | 003077 | ||
| 041 | 0 | |a spa | |
| 082 | 0 | 4 | |a 229.1 |b B268p |
| 100 | 1 | |a Barrantes Ferrero, Mario | |
| 245 | 1 | 0 | |a Progenitores de los Costarricenses / |c Mario Barrantes Ferrero. |
| 260 | 1 | |a San José, Costa Rica : |b Academia Costarricense de Ciencias Genealógicas, |c 1973. | |
| 300 | |a 245 páginas | ||
| 650 | 4 | |a GENEALOGIA | |
| 650 | 4 | |a COSTA RICA | |
| 999 | |c 9385 |d 9385 | ||
| 942 | |c BK |h 229.1 B268p |2 z | ||
